| 000 | 00593nam a2200229Ia 4500 | ||
|---|---|---|---|
| 003 | OSt | ||
| 005 | 20250529171644.0 | ||
| 008 | 008 250505s9999 xx 000 0 eng d | ||
| 020 | _a9788119129478 | ||
| 040 |
_aILCL _beng _cILCL |
||
| 041 |
_aeng _2eng |
||
| 082 | _qILCL | ||
| 084 | _aX:9586:Z2 R4 | ||
| 100 | _aKumar, H L | ||
| 245 | 0 | _aPractical Guide to Payment of Gratuity: Act & Rules | |
| 250 | _a13 | ||
| 260 |
_aDelhi _bLaw and Justice Publishing Company _c2024 |
||
| 300 | _axi,342p. | ||
| 365 | _aINR | ||
| 942 |
_cTB _2Colon Classification _n0 |
||
| 999 |
_c1311996 _d1311996 |
||